000 00682nam a2200217Ia 4500
003 OSt
005 20230426143616.0
008 210423s1998 xx 000 0 und d
020 _a978-1-4613-7449-7
040 _cAL
041 _aeng
082 _a620.11
_223
_bWANF
100 _aWANG (Z L);KANG (Z C)
_993493
245 _aFunctional and smart materials: structural evolution and structure analysis
260 _aNew York
_bSpringer Verlag
_c1998
300 _axvii,514
_bPB
365 _b11507.18
_cEUR
650 _aEngineering Mechanics & Materials
_993494
906 _aanalysis ; evolution ; Functional ; materials ; smart ; structural ; structure
942 _2ddc
_cBK
999 _c170351
_d170351